[Event "Skakligaen"]
[Site "Danmark"]
[Date "2018.10.27"]
[Round "1.1"]
[White "Aabling Thomsen, Jakob"]
[Black "Hammer, Jon Ludvig"]
[Result "0-1"]
[WhiteElo "2369"]
[BlackElo "2650"]
[EventDate "2018.10.27"]
[EventType "team-tourn"]
[EventRounds "9"]
[EventCountry "Danmark"]
[WhiteTeam "Bronshoj"]
[BlackTeam "Koge"]
[WhiteTeamCountry "DEN"]
[BlackTeamCountry "DEN"]
[WhiteFideId "1407589"]
[BlackFideId "1503707"]

1. c4 e5 2. Nc3 Nf6 3. Nf3 Nc6 4. g3 Bb4 5. Bg2 O-O 6. O-O e4 7. Ng5 Bxc3 8. dxc3 Re8 9. Qc2 Qe7 10. Nh3 h6 11. Nf4 Qc5 12. b3 g5 13. Be3 Qe5 14. Nd5 Nxd5 15. cxd5 Qxd5 16. f3 exf3 17. Bxf3 Qe5 18. Bf2 d6 19. Rad1 Bf5 20. Qc1 Be4 21. Bh5 Qe6 22. Bd4 Re7 23. Rf2 Qh3 24. g4 f5 25. Rd3 Bxd3 26. exd3 Nxd4 27. cxd4 fxg4 28. Bg6 g3 29. hxg3 Qxg3+ 30. Kf1 Rf8  0-1

[Event "Skakligaen"]
[Site "Danmark"]
[Date "2018.10.27"]
[Round "1.2"]
[White "Brunello, Sabino"]
[Black "Hoi, Carsten"]
[Result "1-0"]
[WhiteElo "2538"]
[BlackElo "2359"]
[EventDate "2018.10.27"]
[EventType "team-tourn"]
[EventRounds "9"]
[EventCountry "Danmark"]
[WhiteTeam "Koge"]
[BlackTeam "Bronshoj"]
[WhiteTeamCountry "DEN"]
[BlackTeamCountry "DEN"]
[WhiteFideId "813613"]
[BlackFideId "1400100"]

1. d4 Nf6 2. c4 g6 3. Nc3 Bg7 4. e4 d6 5. h3 O-O 6. Be3 c6 7. Nf3 Qa5 8. Nd2 e5 9. d5 c5 10. g4 a6 11. a4 Qc7 12. a5 Nbd7 13. Be2 Ne8 14. h4 f5 15. exf5 gxf5 16. gxf5 Ndf6 17. h5 h6 18. Rg1 Kh8 19. Bd3 Qf7 20. Rg6 Ng8 21. Qg4 Ne7 22. Bxh6 Nxf5 23. Bxg7+ Nexg7 24. O-O-O  1-0

[Event "Skakligaen"]
[Site "Danmark"]
[Date "2018.10.27"]
[Round "1.4"]
[White "Tikkanen, Hans"]
[Black "Palm, Nikolaj"]
[Result "1-0"]
[WhiteElo "2510"]
[BlackElo "2286"]
[EventDate "2018.10.27"]
[EventType "team-tourn"]
[EventRounds "9"]
[EventCountry "Danmark"]
[WhiteTeam "Koge"]
[BlackTeam "Bronshoj"]
[WhiteTeamCountry "DEN"]
[BlackTeamCountry "DEN"]
[WhiteFideId "1706446"]
[BlackFideId "1402145"]

1. d4 d5 2. Nf3 e6 3. e3 f5 4. g4 Nf6 5. gxf5 exf5 6. c4 c6 7. Nc3 Be6 8. cxd5 Nxd5 9. Bd3 Bb4 10. Bd2 Qe7 11. Rg1 g6 12. h4 Nd7 13. h5 Rg8 14. hxg6 hxg6 15. Ng5 O-O-O 16. Nxe6 Qxe6 17. Qc2 N7f6 18. O-O-O Nxc3 19. bxc3 Ba3+ 20. Kb1 Ne4 21. Be1 Be7 22. f3 Nd6 23. e4 Kb8 24. Bg3 fxe4 25. fxe4 g5 26. c4 Ka8 27. d5 cxd5 28. cxd5 Qd7 29. e5 Nb5 30. Bxb5 Qxb5+ 31. Qb3 Qxb3+ 32. axb3 Bc5 33. Rgf1 b5 34. d6 Rg6 35. Rd5 Bb6 36. Rf7 a6 37. Re7 Ba5 38. Rc5  1-0

[Event "Skakligaen"]
[Site "Danmark"]
[Date "2018.10.27"]
[Round "1.5"]
[White "Greger, Roland Reinhard"]
[Black "Danielsen, Henrik"]
[Result "0-1"]
[WhiteElo "2263"]
[BlackElo "2493"]
[EventDate "2018.10.27"]
[EventType "team-tourn"]
[EventRounds "9"]
[EventCountry "Danmark"]
[WhiteTeam "Bronshoj"]
[BlackTeam "Koge"]
[WhiteTeamCountry "DEN"]
[BlackTeamCountry "DEN"]
[WhiteFideId "1401530"]
[BlackFideId "1400185"]

1. e4 d6 2. d4 Nf6 3. Nc3 g6 4. Nf3 c6 5. Be2 Bg7 6. O-O O-O 7. a4 Nbd7 8. a5 Qc7 9. h3 e5 10. dxe5 Nxe5 11. Nd4 Re8 12. f4 Ned7 13. Bf3 Nc5 14. Re1 Bd7 15. Ra3 Rad8 16. Nb3 Na6 17. Be3 c5 18. Nd2 Nb4 19. Nc4 Bc6 20. Bc1 d5 21. exd5 Rxe1+ 22. Qxe1 Nxc2 23. Qf2 Nxa3 24. d6 Rxd6 25. Nxd6 Qxd6 26. bxa3 Ng4 27. hxg4 Bxc3 28. Be3 Bd4 29. a6 Bxf3 30. Bxd4 cxd4 31. Qxf3 Qxa6 32. Qd5 Qd3 33. f5 Qd1+ 34. Kf2 Qxg4 35. Qd8+ Kg7 36. f6+ Kh6 37. Qf8+ Kg5 38. Qxf7 Qf4+ 39. Kg1 Qe3+ 40. Kh2 Qe5+ 41. Kg1 d3 42. Qe7 Qd4+ 43. Kh1 Qa1+ 44. Kh2 Qxf6 45. Qc5+ Kg4 46. Qc8+ Qf5 47. Qd8 Qe5+  0-1

[Event "Skakligaen"]
[Site "Danmark"]
[Date "2018.10.27"]
[Round "1.6"]
[White "Ahlander, Bjorn"]
[Black "Skousen, Nikolai"]
[Result "0-1"]
[WhiteElo "2426"]
[BlackElo "2224"]
[EventDate "2018.10.27"]
[EventType "team-tourn"]
[EventRounds "9"]
[EventCountry "Danmark"]
[WhiteTeam "Koge"]
[BlackTeam "Bronshoj"]
[WhiteTeamCountry "DEN"]
[BlackTeamCountry "DEN"]
[WhiteFideId "1700251"]
[BlackFideId "1401432"]

1. d4 g6 2. c4 Bg7 3. Nf3 d6 4. Nc3 Nf6 5. e4 O-O 6. Be2 e5 7. O-O Nc6 8. d5 Ne7 9. Ne1 Nd7 10. Nd3 f5 11. Bd2 Nf6 12. f3 f4 13. c5 g5 14. Rc1 Ng6 15. Nb5 Rf7 16. Ba5 b6 17. cxd6 cxd6 18. Bb4 Bf8 19. Rc6 Ne8 20. a4 a6 21. Na3 Bd7 22. Qb3 Bxc6 23. dxc6 Rc8 24. Rd1 Rxc6 25. Bc3 Qc7 26. Nb4 Rxc3 27. bxc3 Qc5+ 28. Kf1 Kg7 29. Nxa6 Qc8 30. Nb4 Nf6 31. Nc4 g4 32. Nxb6 Qc5 33. N6d5 g3 34. hxg3 fxg3 35. Nd3 Qa7 36. Qb6 Qxa4 37. Nxf6 Rxf6 38. Qe3 Nf4 39. Nxf4 Rxf4 40. Rb1 Be7 41. Kg1 Bg5 42. Qb6 Rf6 43. Bd3 Qa3 44. Qb7+ Rf7 45. Qd5 Be3+ 46. Kf1 Qxc3 47. Bc4 Rf6 48. Qg8+ Kh6 49. Qc8 Bg5 50. Qh3+ Kg6 51. Bb5 Rxf3+ 52. Kg1 Qc5+ 53. Kh1 Qxb5 54. Rg1 Qf1 55. Qe6+ Rf6 56. Qg8+ Kh6 57. Qc8 Qxg1+  0-1

[Event "Skakligaen"]
[Site "Danmark"]
[Date "2018.10.27"]
[Round "1.7"]
[White "Vasli, Aref"]
[Black "Antonsen, Mikkel"]
[Result "0-1"]
[WhiteElo "2357"]
[BlackElo "2435"]
[EventDate "2018.10.27"]
[EventType "team-tourn"]
[EventRounds "9"]
[EventCountry "Danmark"]
[WhiteTeam "Bronshoj"]
[BlackTeam "Koge"]
[WhiteTeamCountry "DEN"]
[BlackTeamCountry "DEN"]
[WhiteFideId "417521"]
[BlackFideId "1401378"]

1. d4 d5 2. Bf4 e6 3. Nf3 Nf6 4. e3 c5 5. Nbd2 Nc6 6. c3 Bd6 7. Bg3 O-O 8. Bb5 Be7 9. Bd3 Nh5 10. O-O Nxg3 11. hxg3 c4 12. Bc2 b5 13. e4 b4 14. Re1 Rb8 15. exd5 exd5 16. Ne5 Nxe5 17. Rxe5 Bf6 18. Re3 bxc3 19. bxc3 Rb2 20. Qc1 Rb6 21. Nf3 g6 22. Ne5 Bg5 23. f4 Bh6 24. Qa3 Ra6 25. Qc5 Qb6 26. Qxb6 Rxb6 27. Ba4 Rb2 28. Bd7 Bg7 29. Bxc8 Rxc8 30. Nd7 Rd8 31. Ne5 Bxe5 32. Rxe5 Rc2 33. Rb1 Rxc3 34. Rb5 Rxg3 35. Rexd5 Rxd5 36. Rxd5 Rd3 37. Rd8+ Kg7 38. Rd7 c3 39. Rc7 a5 40. d5 h5 41. Rc6 Rxd5 42. Rxc3 Rd4 43. Ra3 Rxf4 44. Rxa5 Kh6 45. a4 f5 46. Ra7 Kg5 47. Ra6 h4 48. a5 Ra4 49. Kh2 Ra3 50. Ra8 Kg4 51. a6 g5 52. Ra7 f4  0-1

[Event "Skakligaen"]
[Site "Danmark"]
[Date "2018.10.27"]
[Round "1.1"]
[White "Rostgaard, Tobias Valentin"]
[Black "Andersen, Mads"]
[Result "0-1"]
[WhiteElo "2388"]
[BlackElo "2599"]
[EventDate "2018.10.27"]
[EventType "team-tourn"]
[EventRounds "9"]
[EventCountry "Danmark"]
[WhiteTeam "BMS"]
[BlackTeam "Skanderborg"]
[WhiteTeamCountry "DEN"]
[BlackTeamCountry "DEN"]
[WhiteFideId "1408801"]
[BlackFideId "1413864"]

1. d4 Nf6 2. Nf3 g6 3. c4 Bg7 4. Nc3 d5 5. e3 O-O 6. Qb3 e6 7. Be2 b6 8. cxd5 exd5 9. O-O Bb7 10. Ne5 Qe7 11. Bf3 Rd8 12. Nd3 Nbd7 13. Nf4 c6 14. Bd2 g5 15. Nh5 Nxh5 16. Bxh5 Qe6 17. Be2 c5 18. Rae1 c4 19. Qc2 f5 20. b3 Rac8 21. bxc4 dxc4 22. e4 fxe4 23. Bxg5 Nf6 24. d5 Bxd5 25. Nxd5 Qxd5 26. Bxf6 Bxf6 27. Bg4 Rc5 28. Rd1 Qc6 29. Rxd8+ Bxd8 30. Re1 h5 31. Bh3 Re5 32. g3 Bf6 33. Bg2 Kg7 34. Rxe4 Rxe4 35. Bxe4 Qe6 36. h4 c3 37. Qa4 a6 38. Bc2 b5 39. Qf4 Qxa2 40. Qf5 Qf7 41. Qh7+ Kf8 42. Qh6+ Ke7 43. Qe3+ Kf8 44. Qh6+ Kg8 45. Bg6 Qd5 46. Bh7+ Kf7 47. Qg6+ Ke7 48. Bg8 Qe5 49. Bb3 Kd6 50. Qg8 Kc5 51. Qa8 Kb4 52. Bc2 a5 53. Qf8+ Be7 54. Qf7 a4 55. Kg2 Bc5 56. Bd3 Qd4  0-1

[Event "Skakligaen"]
[Site "Danmark"]
[Date "2018.10.27"]
[Round "1.2"]
[White "Ochsner, Bjorn Moller"]
[Black "Haubro, Martin"]
[Result "1-0"]
[WhiteElo "2483"]
[BlackElo "2358"]
[EventDate "2018.10.27"]
[EventType "team-tourn"]
[EventRounds "9"]
[EventCountry "Danmark"]
[WhiteTeam "Skanderborg"]
[BlackTeam "BMS"]
[WhiteTeamCountry "DEN"]
[BlackTeamCountry "DEN"]
[WhiteFideId "1416928"]
[BlackFideId "1414291"]

1. e4 c5 2. Nf3 d6 3. Bb5+ Nd7 4. O-O Ngf6 5. Re1 a6 6. Bd3 b5 7. c4 g5 8. Nxg5 Ne5 9. Bf1 bxc4 10. d4 cxd3 11. f4 Nc6 12. Bxd3 h6 13. Nf3 Rg8 14. Kh1 Qb6 15. Be3 Qxb2 16. Nbd2 Nb4 17. Rb1 Qa3 18. Bf1 Be6 19. Nc4 Bxc4 20. Bxc4 Rd8 21. e5 Ng4 22. Bb3 e6 23. Bg1 Be7 24. Qe2 d5 25. h3 h5 26. Ng5 Nh6 27. Qxh5 Bxg5 28. fxg5 Nf5 29. Qd1 d4 30. g4 Ne7 31. Rf1 Nbc6 32. Rf3 Qa5 33. Ba4 Qc7 34. Qf1 Rg7 35. Qxa6 Kf8 36. Bh2 Nb4 37. Qxe6 Qb7 38. Rbf1 Ng6 39. Kg1 Nh4 40. R3f2 Kg8 41. Qf6 Rf8 42. e6 Ng6 43. exf7+ Kh7 44. Bd6  1-0

[Event "Skakligaen"]
[Site "Danmark"]
[Date "2018.10.27"]
[Round "1.1"]
[White "Hector, Jonny"]
[Black "Thybo, Jesper Sondergaard"]
[Result "1/2-1/2"]
[WhiteElo "2468"]
[BlackElo "2525"]
[EventDate "2018.10.27"]
[EventType "team-tourn"]
[EventRounds "9"]
[EventCountry "Danmark"]
[WhiteTeam "Nordkalotten"]
[BlackTeam "Jetsmark"]
[WhiteTeamCountry "DEN"]
[BlackTeamCountry "DEN"]
[WhiteFideId "1700090"]
[BlackFideId "1438832"]

1. e4 e5 2. Nf3 Nc6 3. Bc4 Bc5 4. O-O Nf6 5. d4 Bxd4 6. Nxd4 Nxd4 7. Bg5 Ne6 8. Bxe6 dxe6 9. Qe2 h6 10. Bh4 g5 11. Bg3 Nd7 12. Na3 f6 13. Rad1 Kf7 14. Rd2 Qe7 15. Rfd1 Nb8 16. Nc4 Nc6 17. c3 Kg7 18. b4 a6 19. a4 Rd8 20. h4 Rxd2 21. Rxd2 b5 22. axb5 axb5 23. Nb2 Ra3 24. Nd1 Na7 25. f3 c5 26. bxc5 Qxc5+ 27. Bf2 Qc7 28. Kh2 b4 29. cxb4 Ba6 30. Qe1 Nb5 31. Bc5 Nd4 32. Qg3 Nb3 33. Rc2 Nxc5 34. Rxc5 Qd8 35. Nf2 Ra2 36. b5 Qb6 37. Rc6 Qxf2 38. Qxf2 Rxf2 39. bxa6 gxh4 40. Rxe6 Ra2 41. Kh3 Kg6 42. Kxh4 Rxg2 43. Re8 Ra2 44. Ra8 Ra4 45. Kg3 Ra2 46. Kg4 Ra4 47. a7 Kg7 48. Kh5 Ra5 49. Kh4 Ra3 50. Kg3 Ra2 51. Kh3 Ra3 52. Kg2 Ra2+ 53. Kg3 Ra3 54. Kf2 Ra2+ 55. Kg3 Ra3 56. Kg4 Ra4 57. Kg3  1/2-1/2

[Event "Skakligaen"]
[Site "Danmark"]
[Date "2018.10.27"]
[Round "1.2"]
[White "Rasmussen, Allan Stig"]
[Black "Jepson, Christian"]
[Result "1/2-1/2"]
[WhiteElo "2547"]
[BlackElo "2391"]
[EventDate "2018.10.27"]
[EventType "team-tourn"]
[EventRounds "9"]
[EventCountry "Danmark"]
[WhiteTeam "Jetsmark"]
[BlackTeam "Nordkalotten"]
[WhiteTeamCountry "DEN"]
[BlackTeamCountry "DEN"]
[WhiteFideId "1406000"]
[BlackFideId "1701185"]

1. e4 d6 2. d4 g6 3. Nc3 Bg7 4. Be3 a6 5. Qd2 b5 6. f3 Nd7 7. h4 h6 8. Nge2 Ngf6 9. g4 c5 10. Bg2 Bb7 11. g5 hxg5 12. hxg5 Rxh1+ 13. Bxh1 Nh5 14. dxc5 Nxc5 15. O-O-O Rc8 16. Kb1 Qa5 17. Bg2 Na4 18. Nxa4 Qxd2 19. Rxd2 bxa4 20. Bh3 Rc4 21. Bf1 Rc8 22. a3 Be5 23. Bd4 Bc6 24. Bh3 Rb8 25. Bg4 Nf4 26. Bxe5 dxe5 27. Nc3 e6 28. Rh2 Ke7 29. Kc1 Bd7 30. Nd1 Bb5 31. Nc3 Bd7 32. Rh7 Bc6 33. Bh3 a5 34. Rh4 Bd7 35. Bf1 Bc6 36. Rh2 Bd7 37. Nd1 Nh5 38. Ne3 Rc8 39. Ba6 Rc5 40. Rd2 Ng7 41. Ng4 Nh5 42. Nh6 f5 43. gxf6+ Nxf6 44. Rg2 Be8 45. Kd2 Rc6 46. Bd3 Rb6 47. Kc1 Kd6 48. Rg5 Nh7 49. Rg1 Nf6 50. Rg5 Nh7 51. Rg1 Nf6 52. Bc4 Kc5 53. Ba2 Kd4 54. Re1 Kc5 55. Rd1 Rd6 56. Rd2 Rxd2 57. Kxd2 Kd6 58. Bc4 g5 59. Ng4 Nxg4 60. fxg4 Bd7 61. Kc3 Bc6 62. Kd3 Bd7 63. Kc3 Bc6 64. Bd3 Kc5 65. b4+ axb3 66. cxb3 Bb7 67. b4+ axb4+ 68. axb4+ Kb6 69. Kd2 Bc6 70. Bc2 Kb5 71. Kc3 Kb6 72. Bb3 Bxe4 73. Bxe6 Bf3 74. Kc4 e4 75. Bd5 Bxg4  1/2-1/2

[Event "Skakligaen"]
[Site "Danmark"]
[Date "2018.10.27"]
[Round "1.3"]
[White "Kristensen, Kaare Hove"]
[Black "Jensen, Bjarke"]
[Result "1/2-1/2"]
[WhiteElo "2254"]
[BlackElo "2328"]
[EventDate "2018.10.27"]
[EventType "team-tourn"]
[EventRounds "9"]
[EventCountry "Danmark"]
[WhiteTeam "Nordkalotten"]
[BlackTeam "Jetsmark"]
[WhiteTeamCountry "DEN"]
[BlackTeamCountry "DEN"]
[WhiteFideId "1400940"]
[BlackFideId "1403702"]

1. e4 c6 2. d4 d5 3. exd5 cxd5 4. Bd3 Nc6 5. c3 Nf6 6. Bf4 Bg4 7. Qb3 Na5 8. Qa4+ Bd7 9. Qc2 Qb6 10. Nf3 Nc6 11. Ne5 Nxe5 12. dxe5 Nh5 13. Be3 Qc7 14. f4 g6 15. O-O e6 16. Qf2 Ng7 17. Kh1 b6 18. Nd2 Nf5 19. c4 dxc4 20. Nxc4 Bc6 21. Rac1 Qb7 22. Rfd1 Nxe3 23. Nxe3 Bc5 24. Bf1 Bxe3 25. Qxe3 O-O 26. h4 Bd5 27. a3 Rac8 28. h5 Rxc1 29. Rxc1 Rc8 30. Kh2 Rxc1 31. Qxc1 Qe7 32. Kh3 gxh5 33. Qc3 Be4 34. Bd3 Qb7 35. Qc2 Bg6 36. Qd1 Qd5 37. Be2 Qxd1 38. Bxd1 Kg7 39. Kh4 f6 40. Bxh5 Bxh5 41. Kxh5 f5 42. a4  1/2-1/2

[Event "Skakligaen"]
[Site "Danmark"]
[Date "2018.10.27"]
[Round "1.4"]
[White "Thogersen, Rasmus"]
[Black "Sylvan, Jacob"]
[Result "1/2-1/2"]
[WhiteElo "2298"]
[BlackElo "2330"]
[EventDate "2018.10.27"]
[EventType "team-tourn"]
[EventRounds "9"]
[EventCountry "Danmark"]
[WhiteTeam "Jetsmark"]
[BlackTeam "Nordkalotten"]
[WhiteTeamCountry "DEN"]
[BlackTeamCountry "DEN"]
[WhiteFideId "1431412"]
[BlackFideId "1402137"]

1. e4 c5 2. Nf3 e6 3. d4 cxd4 4. Nxd4 Nc6 5. Nc3 Qc7 6. Be3 a6 7. Qf3 Nf6 8. O-O-O Rb8 9. Be2 Bb4 10. Nxc6 bxc6 11. Bd4 Bd6 12. g4 c5 13. Be3 Be5 14. g5 Qb7 15. b3 Bxc3 16. gxf6 Qb4 17. Kb1 Bxf6 18. Bf4 e5 19. Bd2 Qb6 20. Bc4 d6 21. Bg5 Be6 22. Bxe6 fxe6 23. Bxf6 gxf6 24. Qxf6 Kd7 25. Rhg1 Rhe8 26. Rg7+ Kc6 27. f4 exf4 28. e5 d5 29. c4 Rbd8 30. Qxf4 dxc4 31. Qf3+ Rd5 32. Rxh7 cxb3 33. axb3 Rf8 34. Qxd5+ exd5 35. Rh6+ Kb5 36. Rxb6+ Kxb6 37. Rxd5 Rf2 38. h4 Rh2 39. Rd6+ Kb5 40. Rh6 Kb4 41. h5 Kc3 42. Rxa6  1/2-1/2

[Event "Skakligaen"]
[Site "Danmark"]
[Date "2018.10.27"]
[Round "1.5"]
[White "Hove, Esben Kjems"]
[Black "Rathlev, Jakob"]
[Result "1/2-1/2"]
[WhiteElo "2315"]
[BlackElo "2228"]
[EventDate "2018.10.27"]
[EventType "team-tourn"]
[EventRounds "9"]
[EventCountry "Danmark"]
[WhiteTeam "Nordkalotten"]
[BlackTeam "Jetsmark"]
[WhiteTeamCountry "DEN"]
[BlackTeamCountry "DEN"]
[WhiteFideId "1401505"]
[BlackFideId "1405284"]

1. d4 c5 2. d5 Nf6 3. c4 b5 4. cxb5 a6 5. bxa6 g6 6. g3 Bg7 7. Bg2 d6 8. Nf3 O-O 9. O-O Nxa6 10. Nc3 Nb4 11. Ne1 Qa5 12. a3 Bf5 13. Bd2 Qa7 14. Rc1 Na6 15. e4 Bd7 16. Rb1 Rfb8 17. h3 Nc7 18. Nc2 Nb5 19. Re1 Ne8 20. Nxb5 Bxb5 21. Bc3 Bxc3 22. bxc3 Ba4 23. Qd2 Bxc2 24. Qxc2 Qxa3 25. Bf1 Nf6 26. Bb5 Ra5 27. c4 Qf3 28. Rb3 Qh5 29. Kg2 Qe5 30. Qd3 Rba8 31. Qc3 Qxc3 32. Rxc3 Ra2 33. e5 Nh5 34. exd6 exd6 35. Re7 Nf6 36. Rf3 Kg7 37. g4 h6 38. Rb7 Rb2 39. Rb6 Ne4 40. Rb7 Nf6 41. Re7 Rba2 42. Rfe3 R8a7 43. Kg3 Rxe7 44. Rxe7 Kf8 45. Re3 Rb2 46. f3 Nxd5 47. Rd3 Rg2+ 48. Kxg2 Nf4+ 49. Kf2 Nxd3+ 50. Ke3 Nb4 51. h4 Ke7 52. Ba4 Ke6 53. Ke4 f5+ 54. Ke3 g5 55. hxg5 hxg5 56. gxf5+ Kxf5 57. Bd7+ Ke5 58. Ba4 d5 59. cxd5 Nxd5+ 60. Kd3 c4+ 61. Kd2 Kd4 62. Bd7 c3+ 63. Ke2 Nf4+ 64. Kd1 Nd3 65. Bc8 Ne5 66. Bb7 Nc4 67. Kc2 Ne3+ 68. Kc1 Nf1 69. Kc2 Ng3 70. Ba8 Ne2 71. Bb7 Ke3 72. Bd5 Kd4 73. Bb7 Nf4 74. Bc6 Nd5 75. Bxd5 Kxd5  1/2-1/2

[Event "Skakligaen"]
[Site "Danmark"]
[Date "2018.10.27"]
[Round "1.7"]
[White "Nielsen, Lars Aaes"]
[Black "Grubert, Christian"]
[Result "0-1"]
[WhiteElo "2229"]
[BlackElo "2161"]
[EventDate "2018.10.27"]
[EventType "team-tourn"]
[EventRounds "9"]
[EventCountry "Danmark"]
[WhiteTeam "Nordkalotten"]
[BlackTeam "Jetsmark"]
[WhiteTeamCountry "DEN"]
[BlackTeamCountry "DEN"]
[WhiteFideId "1401726"]
[BlackFideId "1406744"]

1. e4 c5 2. Nf3 g6 3. c3 Bg7 4. d4 cxd4 5. cxd4 d5 6. exd5 Nf6 7. Bb5+ Nbd7 8. d6 O-O 9. O-O exd6 10. Nc3 a6 11. Bxd7 Bxd7 12. Qb3 Rb8 13. Bf4 Bg4 14. Nd2 Nh5 15. Be3 b5 16. f3 Be6 17. d5 Bc8 18. Nce4 Bb7 19. Rad1 Re8 20. Rfe1 Re5 21. Nf1 Qe7 22. g4 f5 23. gxh5 fxe4 24. h6 Bf8 25. f4 Rh5 26. Ng3 Rh3 27. Re2 Bc8 28. Rg2 Bg4 29. Re1 Bf3 30. Bd4 Qh4 31. Rxe4 Bxe4  0-1

[Event "Skakligaen"]
[Site "Danmark"]
[Date "2018.10.27"]
[Round "1.8"]
[White "Rasmussen, Henning"]
[Black "Ejsing, Esben"]
[Result "1-0"]
[WhiteElo "2142"]
[BlackElo "2149"]
[EventDate "2018.10.27"]
[EventType "team-tourn"]
[EventRounds "9"]
[EventCountry "Danmark"]
[WhiteTeam "Jetsmark"]
[BlackTeam "Nordkalotten"]
[WhiteTeamCountry "DEN"]
[BlackTeamCountry "DEN"]
[WhiteFideId "1407988"]
[BlackFideId "1418572"]

1. d4 Nf6 2. c4 e6 3. Nc3 Bb4 4. e3 b6 5. Nge2 c5 6. a3 Ba5 7. Bd2 Na6 8. Nf4 Bb7 9. Bd3 O-O 10. d5 exd5 11. cxd5 Nc7 12. Qf3 Ne6 13. Nh5 Nxh5 14. Qxh5 g6 15. Qh6 Bxc3 16. Bxc3 Bxd5 17. h4 f5 18. O-O-O Rf7 19. h5 g5 20. Bb5 Bb3 21. Rd6 a6 22. Bd3 Qf8 23. Rxe6 Bxe6 24. Qxg5+ Rg7 25. Qf4 Rg4 26. Qe5 h6 27. g3 b5 28. f3 Rg5 29. g4 b4 30. Qh8+ Kf7 31. Qh7+ Ke8 32. axb4 cxb4 33. Bd4 Rc8+ 34. Kd2 Rc6 35. Ra1 fxg4 36. Bg6+ Kd8 37. f4 Rd5 38. Rf1 Qf6 39. Qxh6 b3 40. Qg5 Rxg5 41. Bxf6+  1-0

[Event "Skakligaen"]
[Site "Danmark"]
[Date "2018.10.27"]
[Round "1.5"]
[White "Hansen, Lars"]
[Black "Ostergaard, Jens"]
[Result "1/2-1/2"]
[WhiteElo "2203"]
[BlackElo "2206"]
[EventDate "2018.10.27"]
[EventType "team-tourn"]
[EventRounds "9"]
[EventCountry "Danmark"]
[WhiteTeam "SK1968"]
[BlackTeam "Hillerod"]
[WhiteTeamCountry "DEN"]
[BlackTeamCountry "DEN"]
[WhiteFideId "1402528"]
[BlackFideId "1400606"]

1. d4 Nf6 2. Bg5 Ne4 3. Bf4 c5 4. f3 Qa5+ 5. c3 Nf6 6. d5 e6 7. e4 Qb6 8. Na3 Nh5 9. Nc4 Qd8 10. Be3 d6 11. a4 e5 12. Ne2 g6 13. g4 Nf6 14. h4 h5 15. g5 Nfd7 16. f4 Nb6 17. Nxb6 axb6 18. fxe5 dxe5 19. Bh3 Bxh3 20. Rxh3 c4 21. b4 cxb3 22. Qxb3 Nd7 23. Nc1 Bd6 24. Nd3 O-O 25. Rg3 Qc7 26. Rb1 Ra6 27. Rg2 Rfa8 28. Ra2 Rc8 29. Kd2 Qc4 30. Qxc4 Rxc4 31. Nb4 Ra5 32. Kd3 Rc8 33. Nc2 Nc5+ 34. Bxc5 Bxc5 35. Rb5 Ra7 36. Na1 Rca8 37. Nb3 Bg1 38. Rg2 Bc5 39. Nxc5 bxc5 40. Rxc5 Rxa4 41. Rb2 Ra1 42. Rxb7 Rh1 43. Rcc7 Rf8 44. Re7 Rxh4 45. d6 Rh1 46. d7 Kg7 47. Rxe5 h4 48. Ke2 h3 49. Kf2 Rc1 50. Re8 Rd1 51. Rxf8 Kxf8 52. Kg3 Ke7 53. Kxh3 Kd8 54. Kg4 Rc1 55. Kf4 Rxc3 56. Ke5 Rc6 57. Ra7 Re6+ 58. Kd5 Rb6  1/2-1/2

[Event "Skakligaen"]
[Site "Danmark"]
[Date "2018.10.27"]
[Round "1.1"]
[White "Rodgaard, John"]
[Black "Glud, Jakob Vang"]
[Result "1/2-1/2"]
[WhiteElo "2281"]
[BlackElo "2551"]
[EventDate "2018.10.27"]
[EventType "team-tourn"]
[EventRounds "9"]
[EventCountry "Danmark"]
[WhiteTeam "Evans"]
[BlackTeam "Aarhus/Skolerne"]
[WhiteTeamCountry "DEN"]
[BlackTeamCountry "DEN"]
[WhiteFideId "7200013"]
[BlackFideId "1407767"]

1. d4 d5 2. c4 e6 3. Nc3 Be7 4. Nf3 Nf6 5. Bf4 O-O 6. e3 Nbd7 7. c5 Ne4 8. Qc2 f5 9. h3 c6 10. Be2 Bf6 11. O-O Qe8 12. Rae1 b6 13. cxb6 axb6 14. a3 Bb7 15. Ne5 Nxc3 16. Qxc3 Nxe5 17. Bxe5 Bxe5 18. dxe5 c5 19. f4 Qe7 20. Kh2 Rfd8 21. Rd1 Kh8 22. g4 fxg4 23. Bxg4 b5 24. Rf2 Ra4 25. Qe1 b4 26. axb4 Rxb4 27. Rc2 d4 28. Rcd2 g5 29. exd4 Rdxd4 30. Rxd4 cxd4 31. Qf2 Qc5 32. Rd2 Qd5 33. fxg5 Qxe5+ 34. Qg3 Qxg3+ 35. Kxg3 e5 36. Rf2 Rb3+ 37. Kh4 Bd5 38. Rf8+ Kg7 39. Re8 Re3 40. Re7+ Kg8 41. Bf5 d3 42. Bxh7+ Kf8 43. Rd7 Be4 44. Bxe4 Rxe4+ 45. Kg3 Re3+ 46. Kg4 e4 47. b4 Re1 48. Kf4 Re2 49. b5 Rb2 50. Rd5 d2 51. h4 Kf7 52. Kxe4 Ke6 53. Rd3 Rb4+ 54. Ke3 Rxh4 55. Rxd2 Rb4 56. Rg2 Rxb5 57. g6  1/2-1/2

[Event "Skakligaen"]
[Site "Danmark"]
[Date "2018.10.27"]
[Round "1.2"]
[White "Hagen, Andreas Skytte"]
[Black "Kristensen, Leif Sogaard"]
[Result "1/2-1/2"]
[WhiteElo "2367"]
[BlackElo "2309"]
[EventDate "2018.10.27"]
[EventType "team-tourn"]
[EventRounds "9"]
[EventCountry "Danmark"]
[WhiteTeam "Aarhus/Skolerne"]
[BlackTeam "Evans"]
[WhiteTeamCountry "DEN"]
[BlackTeamCountry "DEN"]
[WhiteFideId "1407341"]
[BlackFideId "1406809"]

1. e4 g6 2. d4 Bg7 3. Nc3 d6 4. f4 a6 5. Nf3 b5 6. Bd3 Nd7 7. e5 c5 8. Be4 Rb8 9. O-O Nh6 10. exd6 exd6 11. f5 gxf5 12. Bg5 Qa5 13. Bc6 O-O 14. Nd5 Kh8 15. Be7 Bb7 16. Bxb7 Rxb7 17. Bxd6 cxd4 18. Nxd4 Re8 19. c3 Qd8 20. Nc6 Qa8 21. Na5 Ra7 22. Kh1 Be5 23. Bxe5+ Rxe5 24. Nf4 Ng4 25. Qd6 Ndf6 26. Nc6 Ne4 27. Qd4 Qxc6 28. Qxa7 Qh6 29. Nh3 Kg7 30. Qd4 Qh5 31. Rf4 f6 32. Raf1 Kh6 33. Kg1 Ng5 34. Rxf5 Rxf5 35. Rxf5 Nxh3+ 36. gxh3 Qxf5 37. hxg4 Qb1+  1/2-1/2

[Event "Skakligaen"]
[Site "Danmark"]
[Date "2018.10.27"]
[Round "1.5"]
[White "Skaanning Pedersen, Kim Henrik"]
[Black "Vinter Schou, Uffe"]
[Result "0-1"]
[WhiteElo "2200"]
[BlackElo "2357"]
[EventDate "2018.10.27"]
[EventType "team-tourn"]
[EventRounds "9"]
[EventCountry "Danmark"]
[WhiteTeam "Evans"]
[BlackTeam "Aarhus/Skolerne"]
[WhiteTeamCountry "DEN"]
[BlackTeamCountry "DEN"]
[WhiteFideId "1403699"]
[BlackFideId "1400568"]

1. e4 c5 2. Nc3 a6 3. g3 b5 4. Bg2 Bb7 5. d3 e6 6. f4 b4 7. Nce2 d5 8. e5 Nh6 9. Nf3 Nf5 10. d4 Nc6 11. c3 h5 12. O-O Qb6 13. Kh1 a5 14. Bh3 g6 15. Bxf5 gxf5 16. Be3 Ba6 17. Rf2 Be7 18. h4 Rb8 19. Rc1 bxc3 20. Nxc3 c4 21. a3 Qb3 22. Rcc2 Na7 23. Nd2 Qb7 24. Kh2 Qd7 25. Nf3 Rb3 26. Nd2 Rb7 27. Nf3 Nc8 28. Nd2 Nb6 29. Ndb1 Rb8 30. Rce2 Rg8 31. Rc2 Rg4 32. Rg2 Bb7 33. Nd2 Bc6 34. Nf1 Na4 35. Bc1 Qa7 36. Ne3 Rg8 37. Rcd2 Rb3 38. Rc2 Rh8 39. Qd2 Bd8 40. Rg1 Bb6 41. Rd1 Ke7 42. Ng2 Rb8 43. Qf2 Rb7 44. Rdd2 Qb8 45. Nxa4 Bxa4 46. Rc3 Ba7 47. Rdc2 Qg8 48. Rxb3 Bxb3 49. Rc3 Ba2 50. Ne1 Bb1 51. Nf3 Qg4 52. Ng5 Qd1 53. Be3 Bd3 54. Bc1 Be2 55. Be3 Rxb2  0-1